The Dark Crystal Quiz (based on show) - Statistics

General Stats
  • This quiz has been taken 24 times
  • The average score is 6 of 9
Answer Stats
Hint Answer % Correct
The grottan girl one of the main characters. Deet
100%
The boy who mostly started worry one of the main characters. Rian
90%
The girl with 2 other sisters one of the main characters. Brea
81%
Got his eye eaten the only slightly smart skeksis. SkekTek
67%
The for some reason everyone's favorite skeksis whose after Rian. SkekMal
62%
Kind of became Deets sidekick. Hup
57%
She is very old and wise but kinda crazy. Augra
48%
Always has a problem with chamberlain more than anyone. SkekVar
48%
The REALLY annoying skeksis. skeksil
10%
No matching quizzes found
Score Distribution
Percent of People with Each Score
Percentile by Number Answered
Your Score History
You have not taken this quiz